LEADER 01076nam a2200241 i 4500 001 000000246649 003 CaOOAMICUS 005 20151119000000.0 008 151119s2000 it u000 u ita u 013 $a225554 040 $aSeMil$bita 100 1 $aCornati, Dario,$d<1963- >.$0(OLS)http://semarc/name/30966 245 10$a[Corso di ontologia :$bla questione del senso /$cdon Dario Cornati. 260 $aSeveso :$bs.n.,$c2000] 300 $a116 p. ;$c30 cm. 500 $aManca il front. - In copertina : Facoltà Teologica dell'Italia Settentrionale, Sezione del Seminario Arcivescovile di Milano. Anno accademico 1999-2000. 650 4$aDispense scolastiche.$0(OLS)http://semarc/subject/526 650 4$aOntologia.$0(OLS)http://semarc/subject/2269 850 $aSeMil 852 $aSeMil$W1$xVenegono$y1$m6X IV 50$j196995$B196995$CSeMilBibl$Z2$F208010 $8B 961 $aOmaggio: Castiglioni don Tommaso 996 $6245$a[Corso di ontologia :$bla questione del senso$9(OLS)http://semarc/title/348445 996 $6260$aSeveso :$bs.n.$9(OLS)http://semarc/publisher/39433 LEADER 01216nam a2200253 i 4500 001 000000088131 003 CaOOAMICUS 005 20150126000000.0 008 150126s1987 it u000 u ita u 013 $a60371 040 $aSeMil$bita 100 1 $aSordi, Marta,$d<1925-2009>.$0(OLS)http://semarc/name/7587 245 14$a[Il cristianesimo nell'Impero romano /$cMarta Sordi, Alberto Barzanò, Giuseppe Zecchini. 260 $aMilano :$bs.n.,$c1987] 300 $a30 p. ;$c21 cm. 490 0 $aTemi di storia della Chiesa. Corso di aggiornamento teologico 1986-1987, Milano ;$v2.-3-4 650 4$aCristianesimo - Rapporti [con l'] Impero Romano.$0(OLS)http://semarc/subject/6030 700 1 $aZecchini, Giuseppe.$0(OLS)http://semarc/name/20408 700 1 $aBarzanò, Alberto.$0(OLS)http://semarc/name/40107 830 0$aTemi di storia della Chiesa. Corso di aggiornamento teologico 1986-1987, Milano ;$v2.-3-4.$0(OLS)http://semarc/title/33423 850 $aSeMil 852 $aSeMil$W1$xVenegono$y1$m5B III 18/27$j51491$B51491$CSeMilBibl$Z2$F55730 $81 996 $6245$a[Il cristianesimo nell'Impero romano$9(OLS)http://semarc/title/134088 996 $6260$aMilano :$bs.n.$9(OLS)http://semarc/publisher/39701